MDQL
is popping MORE tags! Check the
thread
!
Quizzes
Events
Quiz Creation
Community
Videos
Private Events
Remove Ads
Sign In
Join for FREE
Feedback
Dark Mode
Quiz Categories
Sports
Geography
Music
Movies
Television
Just For Fun
Miscellaneous
History
Literature
Language
Science
Gaming
Entertainment
Religion
Holiday
For Kids
Quiz Lab
Recent
Popular Today
Quiz Kudos Today
Editor Picks
Curator Picks
Quizzes by...
Day
Popularity
Type
Ratings
Length
Year
Community
Subscriptions
Recent Discussions
Orange Saloon
Badges
Playlists
Quests
Create
Leaderboards
Showdown
Live 5
Trivia Bingo
Activity
Puzzle Library
Sporcle Events
Private Events
Virtual Trivia
Globe League
Become a Host
Pub Owners
SporcleCon
Opinionation
Our Games
Videos
Blog
Mobile Apps
Partnerships
Remove Ads and Go Orange
Feedback
History
US Presidents
World Leaders
Politics
Nation
Discovery
War
Decade
Year
Century
Biography
Art
History
US Presidents
World Leaders
Politics
Nation
Discovery
War
Decade
Year
Century
Biography
Art
Random Quiz
Search Sporcle
×
Editor Pick
Editor Pick
History
Military
Type answers based on single images at one time
Type answers based on single images at one time
Slideshow
Best Score? Go Orange.
Three images: Guess the Military Leader Stats
Can you name the historic military leader each set of pictures evoke?
By
collectivebrain
6m
15 Questions
4,503 Plays
4,503 Plays
4,503 Plays
Comments
Comments
Give Quiz Kudos
Give Quiz Kudos
-
- Ratings
hide this ad
Replay
Link that replays current quiz
Next Quiz
Link to next quiz in quiz playlist
You Got
0%
They Got
Avg Score
52%
Avg Friend Score
Upgrade to see
Score Distribution
Jump to the score distribution portion of the page
Score
0/15
Timer
06:00
0
Plays Today
% Correct
Alexander the Great
89.2%
Dwight D. Eisenhower
82.9%
Erwin Rommel
76.3%
Hannibal Barca
69.9%
Genghis Khan
63.4%
Sitting Bull
54.3%
Sun Tzu
53.8%
William Wallace
53.2%
% Correct
King Leonidas
48.3%
Gilbert du Motier, Marquis de Lafayette
39.2%
Shaka kaSenzangakhona Zulu
38.9%
Charlemagne
35.6%
Admiral Isoroku Yamamoto
31.5%
Horatio Nelson
30.4%
Tupac Amaru
13.8%
Quiz Playlist
Details
Report
Send in Message
Add To Playlist
Slideshow:
Type answers based on single images at one time
Last Updated: Jul 22, 2021
Editor Pick in
History
Quiz Scoreboard
CHALLENGE
Sign Up to Join the Scoreboard
Show All
Scores
Hide
Comments
May contain spoilers
Recently Published
Two Season TV Shows II
by 123Four
Television
10m
Image Sorting: Flags VI
by Barbecue
Geography
2m
Find the 'City' Movie
by crazypaving
Movies
60s
More to Explore
Quiz From the Vault
Featured Blog Post
14 Easter Pick-up Lines to Find Eggs With
hide this ad
You Might Also Like...
Tags
Leader
Military
three
Today's Top Quizzes in History
Browse History
hide this ad
Today's Top Quizzes in Military
Browse Military
Top Contributed Quizzes in History
1
I Am Born On March 29th
2
Order Up: 1000 Years of World Events I
3
US National Parks Named After People
4
Popular People in 1991
5
Popular People in 1951
6
Popular People in 1941
7
Popular People in 1981
8
Popular People in 1986
9
Popular People in 1921
10
Popular People in 1976
Explore More
Trending Topics
Kpop
Marvel
Anime
NBA
Disney
Crossword
Harry Potter
Country
WWE
Pokémon
Puzzle
Soccer
The Office
NFL
Song
hide this ad
More By:
collectivebrain
Quiz
Plays
Rating
Category
Featured
Created
Three Images: Guess the Movie
191,211
4.25
Movies
Jul 31, 2014
Three Images: Guess the Historical Figure II
110,741
4.05
History
Sep 10, 2014
Three Images: Guess the Historical Figure
97,562
3.80
History
Aug 13, 2014
Three Images: Guess the Movie III
55,263
4.22
Movies
Aug 5, 2014
Three Images: Guess the Writer
48,246
4.30
Literature
Sep 28, 2014
Go to Creator's Profile
Score Distribution
Quiz Creator Spotlight
collectivebrain
Follow
Send a Message
Quizzes Created
-
Created Quiz Play Count
-
More By This Creator
Popular Quizzes Today
1
Find the US States - No Outlines Minefield
2
Colored Red Africa Blitz
3
Find the 'City' Movie
4
5x2 Blitz: Bands
5
The Countries of the World
6
Find the Countries of Europe - No Outlines Minefield
7
Find the US States
8
US States
More History Quizzes
Alive to See It? II
Published
Trending Quizzes
Colored Red Europe Blitz I
Colored Red Africa Blitz II
Colored Red Europe Blitz II
Colored Red Africa Blitz III
Colored Red Europe Blitz III
Recently Updated
How Do You Spell That?
pecheneg
Godzilla Movies
pecheneg
Grab Bag: 4-10 Letters
pecheneg
2024 March Madness Bracket
pecheneg
Famous TV Couples
Peacemaker
Champions League XIs: Real Madrid
pecheneg
Largest US Cities 1790-2010
pecheneg
Rides in Walt Disney World
pecheneg
Most Oscar Losses (Acting)
pecheneg
Beyoncé Albums
pecheneg
Trending Topics
Crossword
Harry Potter
Marvel
Kpop
Anime
Disney
NBA
Puzzle
NFL
Country
The Office
Soccer
WWE
Song
Pokémon
Your Account Isn't Verified!
In order to create a playlist on Sporcle, you need to verify the email address you used during registration. Go to your
Sporcle Settings
to finish the process.
Report this User
Report this user for behavior that violates our
Community Guidelines
.
Details:
Send Report
Go to the Sporcle.com Mobile Site →
Comments